[Event "SVK-chT 2324"]
[Site "Slovakia"]
[Date "2023.12.10"]
[Round "4.1"]
[White "Jakab, Bela"]
[Black "Finek, Vaclav"]
[Result "1/2-1/2"]
[WhiteElo "2358"]
[BlackElo "2411"]
[PlyCount "85"]
[EventDate "2023.11.04"]
[EventType "team-tourn"]
[EventRounds "11"]
[EventCountry "SVK"]
[SourceTitle "CB04_2024"]
[SourceDate "2023.10.16"]
[SourceVersion "1"]
[SourceVersionDate "2023.10.16"]
[SourceQuality "1"]
[WhiteTeam "Komarno"]
[BlackTeam "Dunajska Streda"]
[WhiteTeamCountry "SVK"]
[BlackTeamCountry "SVK"]

1. e4 c5 2. c3 Nf6 3. e5 Nd5 4. Nf3 Nc6 5. d4 cxd4 6. cxd4 d6 7. Be2 dxe5 8. Nxe5 Bd7 9. 0-0 e6 10. Bf3 Nxe5 11. dxe5 Bc6 12. Nc3 Nxc3 13. Bxc6+ bxc6 14. bxc3 Qc7 15. Re1 Rd8 16. Qg4 h5 17. Qh4 Be7 18. Bg5 Bxg5 19. Qxg5 g6 20. Rab1 0-0 21. g4 hxg4 22. Rb4 Rd3 23. Rxg4 Rh3 24. Kg2 Rh7 25. Re3 c5 26. h4 Qd8 27. Qxd8 Rxd8 28. Ra4 Rd7 29. Kg3 Kg7 30. Ra5 Rc7 31. Re4 Rh5 32. f4 Rc8 33. Re2 Rc7 34. Re4 Rc8 35. Re2 Rc7 36. Rb2 Rh8 37. Rbb5 Rhc8 38. c4 Rd8 39. Rxc5 Rd3+ 40. Kg4 Rxc5 41. Rxc5 Ra3 42. Rc8 Rxa2 43. c5 1/2-1/2

[Event "SVK-chT 2324"]
[Site "Slovakia"]
[Date "2023.12.09"]
[Round "3.1"]
[White "Kostolansky, Sebastian Lukas"]
[Black "Jakab, Bela"]
[Result "1/2-1/2"]
[WhiteElo "2427"]
[BlackElo "2358"]
[PlyCount "79"]
[EventDate "2023.11.04"]
[EventType "team-tourn"]
[EventRounds "11"]
[EventCountry "SVK"]
[SourceTitle "CB04_2024"]
[SourceDate "2023.10.16"]
[SourceVersion "1"]
[SourceVersionDate "2023.10.16"]
[SourceQuality "1"]
[WhiteTeam "Bratislava Slovan"]
[BlackTeam "Komarno"]
[WhiteTeamCountry "SVK"]
[BlackTeamCountry "SVK"]

1. e4 e6 2. d4 d5 3. Nc3 Bb4 4. e5 Ne7 5. a3 Bxc3+ 6. bxc3 c5 7. h4 Qc7 8. h5 h6 9. Nf3 b6 10. a4 Ba6 11. Bb5+ Bxb5 12. axb5 cxd4 13. cxd4 Qc4 14. Qd3 Qxd3 15. cxd3 a6 16. Kd2 Kd7 17. Ra4 Ra7 18. Ba3 Nc8 19. Rc1 Re8 20. bxa6 Rxa6 21. Rxa6 Nxa6 22. g4 Nc7 23. g5 Nb5 24. Bb2 Ne7 25. Rg1 Nf5 26. gxh6 gxh6 27. Kc2 Rc8+ 28. Kb3 Na7 29. Rg4 Nc6 30. Bc3 b5 31. Nh4 Nxh4 32. Rxh4 Ne7 33. Rg4 Nf5 34. Kb4 Kc6 35. Kb3 Ra8 36. Kb2 Kd7 37. Kb3 Ra4 38. Bb2 Ke7 39. Bc3 Kd7 40. Bb2 1/2-1/2

[Event "SVK-chT 2324"]
[Site "Slovakia"]
[Date "2023.11.05"]
[Round "2.3"]
[White "Bochnicka, Vladimir1"]
[Black "Jakab, Bela"]
[Result "1-0"]
[WhiteElo "2356"]
[BlackElo "2358"]
[PlyCount "57"]
[EventDate "2023.11.04"]
[EventType "team-tourn"]
[EventRounds "11"]
[EventCountry "SVK"]
[SourceTitle "Mega2024 Update 01"]
[Source "Chessbase"]
[SourceDate "2023.11.12"]
[SourceVersion "1"]
[SourceVersionDate "2023.11.12"]
[SourceQuality "1"]
[WhiteTeam "Osuske"]
[BlackTeam "Komarno"]
[WhiteTeamCountry "SVK"]
[BlackTeamCountry "SVK"]

1. e4 e6 2. d4 d5 3. e5 c5 4. c3 Nc6 5. Nf3 Qb6 6. Bd3 cxd4 7. 0-0 Bd7 8. Re1 Nge7 9. h4 h6 10. h5 Rc8 11. a3 a6 12. b4 dxc3 13. Nxc3 Nxb4 14. Na4 Bxa4 15. Qxa4+ Nbc6 16. Bd2 Nf5 17. Rab1 Qa7 18. Bxf5 exf5 19. e6 fxe6 20. Rxe6+ Kf7 21. Rg6 Bc5 22. Bc3 Rhg8 23. Qf4 Ne7 24. Ne5+ Ke8 25. Re6 Rf8 26. Ng6 Rf7 27. Bb4 Kd7 28. Bxc5 Rxc5 29. Qd6+ 1-0

[Event "SVK-chT 2223"]
[Site "Slovakia"]
[Date "2023.04.02"]
[Round "11.5"]
[White "Jakab, Bela"]
[Black "Sipos, Istvan"]
[Result "0-1"]
[WhiteElo "2353"]
[BlackElo "2464"]
[PlyCount "80"]
[EventDate "2022.10.22"]
[EventType "team-tourn"]
[EventRounds "11"]
[EventCountry "SVK"]
[SourceTitle "EXT 2024"]
[Source "ChessBase"]
[SourceDate "2023.10.10"]
[SourceVersion "1"]
[SourceVersionDate "2023.10.10"]
[SourceQuality "1"]
[WhiteTeam "Komarno"]
[BlackTeam "Cebovce"]
[WhiteTeamCountry "SVK"]
[BlackTeamCountry "SVK"]

1. e4 c6 2. d4 d5 3. Nc3 dxe4 4. Nxe4 Nf6 5. Nxf6+ exf6 6. Be3 Bd6 7. Bd3 0-0 8. Ne2 Re8 9. Qd2 a5 10. 0-0 Na6 11. a3 Nc7 12. Bf4 Bg4 13. Bxd6 Qxd6 14. h3 Bxe2 15. Bxe2 Ne6 16. c3 c5 17. d5 Rad8 18. Rad1 Nf4 19. Bb5 Re4 20. Rfe1 Re5 21. Rxe5 fxe5 22. Qc2 g6 23. Qa4 Qb6 24. Bc4 Kg7 25. Qc2 Qd6 26. Qb3 b6 27. Bf1 e4 28. c4 f5 29. Qc3+ Qf6 30. Qd2 Ne6 31. b4 axb4 32. axb4 cxb4 33. Qxb4 Nc5 34. Rb1 Rd6 35. Qa3 h5 36. Rxb6 Rxb6 37. Qxc5 f4 38. Qc7+ Kh6 39. c5 Rb1 40. Qc8 e3 0-1

[Event "SVK-chT 2223"]
[Site "Slovakia"]
[Date "2022.12.11"]
[Round "4.4"]
[White "Jakab, Bela"]
[Black "Manik, Mikulas"]
[Result "1-0"]
[WhiteElo "2352"]
[BlackElo "2362"]
[PlyCount "75"]
[EventDate "2022.10.22"]
[EventType "team-tourn"]
[EventRounds "11"]
[EventCountry "SVK"]
[SourceTitle "EXT 2024"]
[Source "ChessBase"]
[SourceDate "2023.10.10"]
[SourceVersion "1"]
[SourceVersionDate "2023.10.10"]
[SourceQuality "1"]
[WhiteTeam "Komarno"]
[BlackTeam "Bratislava Slovan"]
[WhiteTeamCountry "SVK"]
[BlackTeamCountry "SVK"]

1. e4 c5 2. Nf3 d6 3. Bb5+ Bd7 4. Bxd7+ Nxd7 5. 0-0 Ngf6 6. Re1 e6 7. c4 Ne5 8. d3 Be7 9. Nc3 0-0 10. Qe2 Nfd7 11. Be3 Nxf3+ 12. Qxf3 Ne5 13. Qe2 Nc6 14. f4 Bf6 15. Kh1 a6 16. Rad1 b5 17. e5 dxe5 18. Bxc5 Re8 19. fxe5 Bxe5 20. d4 Bf6 21. cxb5 axb5 22. Qxb5 Nxd4 23. Bxd4 Bxd4 24. Ne2 e5 25. Nxd4 exd4 26. Rxe8+ Qxe8 27. Qxe8+ Rxe8 28. Kg1 Rd8 29. Kf2 f5 30. Ke2 Kf7 31. Kd3 Ke6 32. b4 Kd5 33. Rc1 Ra8 34. Rc5+ Kd6 35. Ra5 Re8 36. Rxf5 Re3+ 37. Kxd4 Re2 38. Rg5 1-0

[Event "Wch U20 59th"]
[Site "Cala Gonone"]
[Date "2022.10.13"]
[Round "2"]
[White "Kozak, Antoni"]
[Black "Jakab, Bela"]
[Result "0-1"]
[WhiteElo "2440"]
[BlackElo "2353"]
[PlyCount "174"]
[EventDate "2022.10.12"]
[EventType "swiss"]
[EventRounds "11"]
[EventCountry "ITA"]
[SourceTitle "CBM 210 Extra"]
[Source "ChessBase"]
[SourceDate "2022.11.30"]
[SourceVersion "1"]
[SourceVersionDate "2022.11.30"]
[SourceQuality "1"]

1. Nf3 d5 2. e3 Nf6 3. c4 e6 4. b3 Be7 5. Bb2 0-0 6. Nc3 dxc4 7. Bxc4 c5 8. Rg1 a6 9. Qe2 Nc6 10. Bd3 e5 11. Ne4 Qd5 12. Nfg5 Nxe4 13. Bxe4 Qd6 14. Nf3 Be6 15. Bxc6 Qxc6 16. Nxe5 Qc7 17. f4 b5 18. g4 f6 19. Nf3 c4 20. Nd4 Bf7 21. Nf5 Qd7 22. Nxe7+ Qxe7 23. g5 f5 24. bxc4 bxc4 25. h4 Rfc8 26. Kf2 Bd5 27. Be5 Be4 28. Rgc1 Qe6 29. Rc3 Rc6 30. Rac1 Rac8 31. h5 Qd5 32. Bd4 Qb5 33. Ra3 Qb4 34. Rac3 Qb5 35. Qd1 Qa5 36. Kg3 Qd5 37. Ra3 Rb8 38. Rac3 Rbc8 39. Kf2 Qb5 40. Kg3 Qd5 41. R3c2 Bxc2 42. Qxc2 Qf7 43. Rb1 Rd6 44. Qd1 Re8 45. Qf3 Rxd4 46. exd4 Qd7 47. Qc3 Qf7 48. Qf3 Qd7 49. d5 Qd6 50. Rf1 Qc5 51. Rf2 Re4 52. d6 Qxd6 53. Re2 Qd4 54. Rxe4 fxe4 55. Qc3 Qc5 56. Kg2 Qc6 57. Kg3 Qd5 58. Kf2 Kf7 59. h6 gxh6 60. gxh6 Ke6 61. Ke1 Qc5 62. Qg7 c3 63. Qg8+ Kf6 64. Qh8+ Ke6 65. Qxc3 Qg1+ 66. Ke2 Qg4+ 67. Ke3 Qf3+ 68. Kd4 Qxf4 69. Qc4+ Kf5 70. Qd5+ Kf6 71. Qc6+ Kg5 72. Kc3 Qf3+ 73. Kb4 Qd3 74. Qc5+ Kxh6 75. Qf8+ Kg5 76. Qg7+ Kf4 77. Ka4 Kf3 78. Qxh7 Qxd2 79. Qf5+ Ke3 80. Qg5+ Ke2 81. Qh5+ Kf2 82. Qf5+ Ke3 83. Qg5+ Kd3 84. Qd5+ Kc3 85. Qc6+ Kb2 86. Qxe4 Qd7+ 87. Kb4 Qb5# 0-1

[Event "SVK-chT1W 2122"]
[Site "Slovakia"]
[Date "2022.05.15"]
[Round "11.1"]
[White "Motuz, Karol"]
[Black "Jakab, Bela"]
[Result "1-0"]
[WhiteElo "2301"]
[BlackElo "2344"]
[PlyCount "127"]
[EventDate "2021.11.06"]
[EventType "team-tourn"]
[EventRounds "11"]
[EventCountry "SVK"]
[SourceTitle "EXT 2023"]
[Source "ChessBase"]
[SourceDate "2022.10.05"]
[SourceVersion "1"]
[SourceVersionDate "2022.10.05"]
[SourceQuality "1"]
[WhiteTeam "Povazska Bystrica"]
[BlackTeam "Komarno"]
[WhiteTeamCountry "SVK"]
[BlackTeamCountry "SVK"]

1. d4 d5 2. c4 e6 3. Nf3 Nf6 4. Nc3 Be7 5. Bf4 0-0 6. e3 a6 7. Rc1 Nbd7 8. cxd5 exd5 9. Bd3 c5 10. 0-0 c4 11. Bb1 b5 12. a3 Bb7 13. Ne5 Ne4 14. Ne2 f6 15. Nxd7 Qxd7 16. Qc2 g6 17. f3 Nd6 18. h4 f5 19. h5 Rae8 20. hxg6 hxg6 21. g4 Rf7 22. Rf2 Bf6 23. Rg2 Rg7 24. g5 Bd8 25. Be5 Rh7 26. Nf4 Nf7 27. Nxg6 Bc8 28. Bf4 Rh3 29. Kf2 Qe6 30. Ne5 Nxe5 31. Bxe5 Qg6 32. Rcg1 Re7 33. Qe2 Reh7 34. Bc2 Ba5 35. Kf1 Qh5 36. Kf2 Bd8 37. Bf4 Rg7 38. Bd1 Qh4+ 39. Kf1 Ba5 40. Rh2 Rxh2 41. Qxh2 Qxh2 42. Bxh2 Bd2 43. Bf4 Re7 44. Rg2 Ba5 45. Bc2 Bc7 46. Bxc7 Rxc7 47. Rh2 Rh7 48. Kg2 Rg7 49. Rh5 Be6 50. Kg3 Bf7 51. Rh2 Rxg5+ 52. Kf4 Rg1 53. Bxf5 a5 54. e4 b4 55. axb4 axb4 56. Ke5 Ra1 57. exd5 c3 58. bxc3 bxc3 59. Rc2 Ra3 60. Be6 Kg7 61. f4 Be8 62. d6 Ra5+ 63. d5 Bg6 64. f5 1-0

[Event "EU-ch Online U18"]
[Site "Tornelo INT"]
[Date "2020.09.19"]
[Round "4"]
[White "Davtyan, Artur"]
[Black "Jakab, Bela"]
[Result "1-0"]
[WhiteElo "2466"]
[BlackElo "2316"]
[PlyCount "95"]
[EventDate "2020.09.18"]
[EventType "swiss (rapid)"]
[EventRounds "9"]
[EventCountry "ENG"]
[SourceTitle "CBM 198 Extra"]
[Source "ChessBase"]
[SourceDate "2020.11.30"]
[SourceVersion "1"]
[SourceVersionDate "2020.11.30"]
[SourceQuality "1"]

1. d4 d5 2. c4 c6 3. Nf3 Nf6 4. Nc3 a6 5. c5 Bf5 6. Qb3 Ra7 7. Bf4 Nbd7 8. h3 e6 9. e3 Be7 10. Be2 0-0 11. 0-0 Ne4 12. Rfc1 Nxc3 13. Rxc3 Bg6 14. Qd1 f6 15. Bg3 Qc8 16. b4 Bd8 17. Bd6 Re8 18. a4 Bc7 19. Bxc7 Qxc7 20. b5 Raa8 21. Rb3 e5 22. bxa6 bxa6 23. a5 Reb8 24. Nh4 Rxb3 25. Qxb3 Be4 26. Qc3 Qb7 27. f3 Bg6 28. Nxg6 hxg6 29. Bd3 Kf7 30. Qc2 f5 31. dxe5 Nxe5 32. Bxf5 Qe7 33. f4 Nf3+ 34. Kf2 Nh4 35. Bd3 Re8 36. Re1 g5 37. g3 gxf4 38. gxh4 Qxh4+ 39. Kf1 f3 40. Bg6+ Kg8 41. Qf5 Rf8 42. Qe6+ Kh8 43. Qg4 Qh6 44. Qh5 Rf6 45. Qxh6+ gxh6 46. Bh5 Kg7 47. Kf2 Rf5 48. Bxf3 1-0

[Event "EU-ch Online U18"]
[Site "Tornelo INT"]
[Date "2020.09.19"]
[Round "6"]
[White "Muradli, Mahammad"]
[Black "Jakab, Bela"]
[Result "1-0"]
[WhiteElo "2449"]
[BlackElo "2316"]
[PlyCount "129"]
[EventDate "2020.09.18"]
[EventType "swiss (rapid)"]
[EventRounds "9"]
[EventCountry "ENG"]
[SourceTitle "CBM 198 Extra"]
[Source "ChessBase"]
[SourceDate "2020.11.30"]
[SourceVersion "1"]
[SourceVersionDate "2020.11.30"]
[SourceQuality "1"]

1. d4 d5 2. c4 c6 3. Nc3 Nf6 4. Nf3 a6 5. e3 Bf5 6. Be2 e6 7. Nh4 Bg6 8. 0-0 Bd6 9. g3 Nbd7 10. Nxg6 hxg6 11. cxd5 exd5 12. Bf3 Qe7 13. Qc2 0-0 14. Bd2 Rfe8 15. Rfe1 Ne4 16. Nxe4 dxe4 17. Bg2 Nf6 18. Rab1 Bb4 19. Bxb4 Qxb4 20. a3 Qa5 21. b4 Qf5 22. a4 Nh7 23. Qc5 Qf6 24. b5 axb5 25. axb5 Ra2 26. Rf1 Re6 27. d5 cxd5 28. Qxd5 Rc2 29. Bxe4 Rc7 30. Bg2 Rd6 31. Qe4 Ng5 32. Qg4 Rd2 33. h4 Ne6 34. Qf3 b6 35. Qxf6 gxf6 36. Bc6 Nd8 37. Rfc1 Kf8 38. Bf3 Rxc1+ 39. Rxc1 Rb2 40. Rc8 Ke7 41. Bc6 Nxc6 42. bxc6 Rc2 43. Kg2 b5 44. g4 Rc5 45. c7 b4 46. h5 gxh5 47. gxh5 b3 48. h6 b2 49. Rb8 Rxc7 50. h7 b1Q 51. Rxb1 Rc8 52. Rh1 Rh8 53. Kf3 f5 54. Kf4 Kf6 55. Rh2 Kg6 56. Ke5 Re8+ 57. Kd6 Kg7 58. h8Q+ Rxh8 59. Rxh8 Kxh8 60. Ke5 f4 61. Kxf4 Kg7 62. Kf5 f6 63. Ke6 Kg6 64. f4 f5 65. Ke5 1-0

[Event "SVK-ch U20"]
[Site "Lubovna"]
[Date "2020.08.20"]
[Round "7"]
[White "Jakab, Bela"]
[Black "Rucek, Peter"]
[Result "1-0"]
[WhiteElo "2327"]
[BlackElo "1794"]
[PlyCount "109"]
[EventDate "2020.08.15"]
[EventType "swiss"]
[EventRounds "9"]
[EventCountry "SVK"]
[SourceTitle "EXT 2021"]
[Source "ChessBase"]
[SourceDate "2020.10.23"]
[SourceVersion "1"]
[SourceVersionDate "2020.10.23"]
[SourceQuality "1"]

1. c4 e6 2. d4 d5 3. Nc3 Nf6 4. Nf3 c6 5. Bg5 Be7 6. e3 Nbd7 7. cxd5 exd5 8. Bd3 0-0 9. 0-0 Re8 10. Qc2 h6 11. Bh4 Ne4 12. Bxe4 Bxh4 13. Bh7+ Kh8 14. Nxh4 Qxh4 15. Bd3 Nf6 16. Rae1 Be6 17. f3 Rad8 18. b4 Rd6 19. Qa4 a6 20. Bb1 Bd7 21. Qc2 g6 22. Qd2 Qg5 23. Qf2 Nh5 24. e4 Nf4 25. Qg3 Rde6 26. Qxg5 hxg5 27. g3 Nh5 28. e5 R6e7 29. Kf2 Bf5 30. g4 Bxb1 31. gxh5 Bf5 32. hxg6 Bxg6 33. Rg1 Kh7 34. a4 f6 35. exf6 Rxe1 36. Rxe1 Rxe1 37. Kxe1 Be8 38. a5 Bd7 39. Kf2 Kg6 40. Kg3 Kxf6 41. Nd1 Ke7 42. f4 gxf4+ 43. Kxf4 Kd6 44. h4 Be8 45. Nc3 Kc7 46. Na4 c5 47. Nxc5 Kc6 48. Ke5 Bf7 49. Kf6 Bh5 50. Kg5 Bf7 51. h5 Bxh5 52. Kxh5 Kb5 53. Kg4 Kxb4 54. Kf4 Kxa5 55. Nxb7+ 1-0

[Event "SVK-ch rapid"]
[Site "Topolcany"]
[Date "2020.07.11"]
[Round "7"]
[White "Balazs, Ladislav"]
[Black "Jakab, Bela"]
[Result "1-0"]
[WhiteElo "2058"]
[BlackElo "2137"]
[PlyCount "65"]
[EventDate "2020.07.11"]
[EventType "swiss (rapid)"]
[EventRounds "9"]
[EventCountry "SVK"]
[SourceTitle "CBM 197 Extra"]
[Source "ChessBase"]
[SourceDate "2020.09.30"]
[SourceVersion "1"]
[SourceVersionDate "2020.09.30"]
[SourceQuality "1"]

1. Nf3 d5 2. b3 Nf6 3. Bb2 g6 4. e3 Bg7 5. d4 0-0 6. Bd3 Nbd7 7. 0-0 c5 8. c4 dxc4 9. Bxc4 b6 10. Qe2 Bb7 11. Rd1 Qc7 12. Nc3 cxd4 13. exd4 Qf4 14. d5 Nc5 15. Rac1 a6 16. a4 Rfe8 17. Ba3 Nfd7 18. b4 Nxa4 19. Nxa4 b5 20. Nc5 Nxc5 21. bxc5 bxc4 22. c6 Bc8 23. Rxc4 Qb8 24. d6 Be6 25. Rb4 Qd8 26. d7 Rf8 27. Rb7 Qa5 28. Bxe7 Bc3 29. Bxf8 Rxf8 30. Qxe6 fxe6 31. c7 Qa4 32. d8Q Bg7 33. Qd7 1-0

[Event "SVK-chT1W 1920"]
[Site "Slovakia"]
[Date "2019.11.09"]
[Round "3.2"]
[White "Jablonicky, Martin"]
[Black "Jakab, Bela"]
[Result "1/2-1/2"]
[WhiteElo "2250"]
[BlackElo "2301"]
[PlyCount "52"]
[EventDate "2019.10.12"]
[EventType "team-tourn"]
[EventRounds "11"]
[EventCountry "SVK"]
[SourceTitle "CBM 193 Extra"]
[Source "ChessBase"]
[SourceDate "2020.01.31"]
[SourceVersion "1"]
[SourceVersionDate "2020.01.31"]
[SourceQuality "1"]
[WhiteTeam "Osuske"]
[BlackTeam "Komarno"]
[WhiteTeamCountry "SVK"]
[BlackTeamCountry "SVK"]

1. Nf3 d5 2. e3 Nf6 3. c4 c6 4. b3 Bg4 5. h3 Bh5 6. Be2 Nbd7 7. g4 Bg6 8. g5 Ne4 9. d3 Qa5+ 10. Kf1 Nd6 11. Bd2 Qd8 12. h4 e5 13. cxd5 cxd5 14. d4 exd4 15. Nxd4 h6 16. gxh6 Rxh6 17. h5 Be4 18. f3 Qg5 19. Nc3 Rxh5 20. Rxh5 Qxh5 21. fxe4 Qh1+ 22. Kf2 Qh2+ 23. Kf1 Qh1+ 24. Kf2 Qh2+ 25. Kf1 dxe4 26. Qe1 Qh1+ 1/2-1/2

[Event "SVK-chT2B 1920"]
[Site "Slovakia"]
[Date "2019.10.26"]
[Round "1.1"]
[White "Jakubek, Peter"]
[Black "Jakab, Bela"]
[Result "0-1"]
[WhiteElo "2135"]
[BlackElo "2301"]
[PlyCount "66"]
[EventDate "2019.10.26"]
[EventType "team-tourn"]
[EventRounds "11"]
[EventCountry "SVK"]
[SourceTitle "CBM 193 Extra"]
[Source "ChessBase"]
[SourceDate "2020.01.31"]
[SourceVersion "1"]
[SourceVersionDate "2020.01.31"]
[SourceQuality "1"]
[WhiteTeam "Povazska Bystrica II"]
[BlackTeam "Komarno II"]
[WhiteTeamCountry "SVK"]
[BlackTeamCountry "SVK"]

1. d4 d5 2. Nf3 Nf6 3. Bf4 e6 4. e3 Bd6 5. Bg3 0-0 6. Nbd2 c5 7. c3 Qc7 8. dxc5 Qxc5 9. Bxd6 Qxd6 10. Bd3 Nc6 11. 0-0 Rd8 12. Bc2 e5 13. e4 Bg4 14. exd5 Qxd5 15. Ne4 Qxe4 16. Bxe4 Rxd1 17. Rfxd1 Nxe4 18. Re1 Bxf3 19. gxf3 Ng5 20. Kg2 Ne6 21. Rad1 Nf8 22. b4 f6 23. Rd5 Kf7 24. Red1 Ke7 25. b5 Nd8 26. Rc5 Nde6 27. Rc4 Nd7 28. a4 Nb6 29. Re4 Rc8 30. Rde1 Rxc3 31. f4 Nc5 32. R4e3 Rxe3 33. Rxe3 Nd5 0-1

[Event "Tatry op"]
[Site "Tatranske Zruby"]
[Date "2019.10.03"]
[Round "7"]
[White "Biolek, Richard"]
[Black "Jakab, Bela"]
[Result "1/2-1/2"]
[WhiteElo "2415"]
[BlackElo "2255"]
[PlyCount "68"]
[EventDate "2019.09.28"]
[EventType "swiss"]
[EventRounds "9"]
[EventCountry "SVK"]
[SourceTitle "EXT 2020"]
[Source "ChessBase"]
[SourceDate "2019.10.17"]
[SourceVersion "1"]
[SourceVersionDate "2019.10.17"]
[SourceQuality "1"]

1. e4 e6 2. d4 d5 3. e5 c5 4. c3 Nc6 5. Nf3 Qb6 6. a3 Bd7 7. b4 cxd4 8. cxd4 Rc8 9. Bb2 Na5 10. Nbd2 Nc4 11. Qb3 Nxb2 12. Qxb2 Ne7 13. Bd3 Bb5 14. Bxb5+ Qxb5 15. a4 Qd3 16. Ra3 Qc2 17. Qxc2 Rxc2 18. Kd1 Rc7 19. b5 Ng6 20. Rb3 Kd7 21. g3 Be7 22. Ke2 f6 23. h4 h5 24. b6 axb6 25. Rxb6 fxe5 26. dxe5 Ra8 27. Rhb1 Rxa4 28. Rxb7 Bd8 29. R7b6 Rc6 30. Rxc6 Kxc6 31. Rb8 Kc7 32. Rb2 Kc6 33. Rb8 Kc7 34. Rb2 Kc6 1/2-1/2

[Event "Tatry op"]
[Site "Tatranske Zruby"]
[Date "2019.10.02"]
[Round "6"]
[White "Jakab, Bela"]
[Black "Krnan, Tomas"]
[Result "1/2-1/2"]
[WhiteElo "2255"]
[BlackElo "2408"]
[PlyCount "167"]
[EventDate "2019.09.28"]
[EventType "swiss"]
[EventRounds "9"]
[EventCountry "SVK"]
[SourceTitle "EXT 2020"]
[Source "ChessBase"]
[SourceDate "2019.10.17"]
[SourceVersion "1"]
[SourceVersionDate "2019.10.17"]
[SourceQuality "1"]

1. d4 Nf6 2. c4 e6 3. Nf3 Bb4+ 4. Nbd2 0-0 5. g3 b6 6. Bg2 Bb7 7. 0-0 Be7 8. b3 d5 9. Bb2 a5 10. Ne5 a4 11. bxa4 Nfd7 12. cxd5 Bxd5 13. e4 Bb7 14. Nec4 Nf6 15. f4 Qd7 16. Ne3 Qxa4 17. f5 Qxd1 18. Rfxd1 Ba3 19. Bc3 exf5 20. Nxf5 Re8 21. Re1 g6 22. Nh6+ Kg7 23. d5 Bc5+ 24. Kh1 Kxh6 25. Bxf6 Nd7 26. Bc3 Ne5 27. Nb3 Bd6 28. a4 Ba6 29. Nd4 Bd3 30. Nb5 Bxb5 31. axb5 Nd3 32. Rf1 Rxa1 33. Bxa1 Be5 34. Bxe5 Nxe5 35. Ra1 Re7 36. Ra7 Nc4 37. Kg1 f6 38. Ra4 Nd6 39. Rb4 Re8 40. Kf2 Ra8 41. h4 Ra3 42. Rb2 Rc3 43. Rb4 Kg7 44. g4 h6 45. g5 hxg5 46. hxg5 Nf7 47. gxf6+ Kxf6 48. Ra4 Nd6 49. Ra8 Ke5 50. Kg1 Rc1+ 51. Kh2 Rc4 52. Rg8 Nxe4 53. Rxg6 Nd6 54. Kg3 Nxb5 55. Kf2 Nd6 56. Ke3 Rc3+ 57. Kd2 Ra3 58. Rg5+ Kd4 59. Rg4+ Kc5 60. Rg7 Nc4+ 61. Kc1 Ra1+ 62. Kc2 Ne3+ 63. Kb2 Ra7 64. Bf3 Nxd5 65. Rg5 c6 66. Bxd5 cxd5 67. Rh5 b5 68. Rg5 Kc4 69. Rg8 Rb7 70. Kc2 b4 71. Kb2 d4 72. Rc8+ Kd3 73. Rh8 Rd7 74. Kb3 Ke4 75. Rh4+ Kf5 76. Kc2 b3+ 77. Kd3 b2 78. Rh5+ Kf4 79. Rb5 Rd8 80. Rxb2 Ke5 81. Rb5+ Rd5 82. Rxd5+ Kxd5 83. Kd2 d3 84. Kxd3 1/2-1/2

[Event "Tatry op"]
[Site "Tatranske Zruby"]
[Date "2019.10.01"]
[Round "5"]
[White "Dobrowolski, Henryk"]
[Black "Jakab, Bela"]
[Result "0-1"]
[WhiteElo "1523"]
[BlackElo "2255"]
[PlyCount "74"]
[EventDate "2019.09.28"]
[EventType "swiss"]
[EventRounds "9"]
[EventCountry "SVK"]
[SourceTitle "EXT 2020"]
[Source "ChessBase"]
[SourceDate "2019.10.17"]
[SourceVersion "1"]
[SourceVersionDate "2019.10.17"]
[SourceQuality "1"]

1. d4 d5 2. c4 c6 3. e3 Nf6 4. Nc3 e6 5. Nf3 Nbd7 6. Be2 Bd6 7. 0-0 0-0 8. h3 b6 9. b3 Bb7 10. Bb2 Qe7 11. Rc1 Rac8 12. Bd3 dxc4 13. Bxc4 c5 14. d5 exd5 15. Nxd5 Bxd5 16. Bxd5 Rfd8 17. Bc4 Be5 18. Qc2 Bxb2 19. Qxb2 Ne8 20. Rcd1 Nd6 21. Bd3 b5 22. Bb1 Nf8 23. Qc2 b4 24. Nd2 Rd7 25. Nc4 Nxc4 26. Rxd7 Qxd7 27. bxc4 Rd8 28. Qe4 Qe6 29. Qc2 Rd6 30. Rc1 Qd7 31. Qb3 g6 32. Bc2 Rd2 33. Rd1 Rxd1+ 34. Bxd1 Qd2 35. g3 Nd7 36. Bf3 Ne5 37. e4 Nd3 0-1

[Event "Tatry op"]
[Site "Tatranske Zruby"]
[Date "2019.09.29"]
[Round "3"]
[White "Lys, Josef"]
[Black "Jakab, Bela"]
[Result "1-0"]
[WhiteElo "2177"]
[BlackElo "2255"]
[PlyCount "59"]
[EventDate "2019.09.28"]
[EventType "swiss"]
[EventRounds "9"]
[EventCountry "SVK"]
[SourceTitle "EXT 2020"]
[Source "ChessBase"]
[SourceDate "2019.10.17"]
[SourceVersion "1"]
[SourceVersionDate "2019.10.17"]
[SourceQuality "1"]

1. d4 d5 2. c4 c6 3. Nc3 Nf6 4. Nf3 a6 5. a4 e6 6. e3 a5 7. Bd3 Na6 8. b3 Bb4 9. Bd2 0-0 10. 0-0 b6 11. Ne5 Bb7 12. Qe2 Bxc3 13. Bxc3 Nb4 14. Bxb4 axb4 15. Rfd1 Qe7 16. Rac1 Rfc8 17. c5 Ra5 18. cxb6 Qd8 19. Rc5 Qxb6 20. Rdc1 Rca8 21. Qc2 Rc8 22. f3 Rxc5 23. Qxc5 Qxc5 24. Rxc5 Kf8 25. Be2 Ke7 26. Ra5 Rb8 27. Ra7 Kd6 28. a5 c5 29. Bb5 c4 30. a6 1-0